000
00323nam a2200133Ia 4500
008
231129s1987||||xx |||||||||||||| ||spa||
040
_b
spa
082
_a
Co863 M516t
100
_a
Mejia Vallejo Manuel
245
0
_a
La tierra eramos nosotros
260
_c
1987
264
_a
Colombia : [s.n.] 1987.
942
_2
ddc
_c
BKS
999
_c
18323
_d
18323